| 000 | 00601nam a2200181 i 4500 | ||
|---|---|---|---|
| 001 | 109341 | ||
| 003 | ES-MaACL | ||
| 005 | 20231103062532.0 | ||
| 007 | t| | ||
| 008 | 061121s1936 fr |||| | fre d | ||
| 100 | 1 |
_aOlivier , Pierre. _986896 |
|
| 245 | 1 | 4 |
_aLes antécédents d`une révolution _b: études sur le développement de la société française de 1715 áa 1789 / _cPierre Olivier. |
| 260 |
_aParís : _bMarcel Rivière, _c1936. |
||
| 300 |
_a198 p. ; _c19 cm. |
||
| 651 | 4 |
_aFrancia- _xHistoria- _y1789-1799, Revolución _98685 |
|
| 852 |
_aES-MaACL _jA-4539 |
||
| 999 |
_c109341 _d109341 |
||